The harvest is rich: (Record no. 42231)

MARC details
000 -LEADER
fixed length control field 00696nam a22002057a 4500
005 - DATE AND TIME OF LATEST TRANSACTION
control field 2010081401351.0
010 ## - LCCN (DPL NO)
LC control number ENG-100662
020 ## - INTERNATIONAL STANDARD BOOK NUMBER
Terms of availability 80.00
035 ## - SYSTEM CONTROL NUMBER
System control number EN-84195
037 ## - SOURCE OF ACQUISITION
Source of stock number/acquisition DBAD/PUB
082 ## - DEWEY DECIMAL CLASSIFICATION NUMBER
Classification number 239.1
100 ## - MAIN ENTRY--PERSONAL NAME
Personal name Jones, George Arnsby
245 ## - TITLE STATEMENT
Title The harvest is rich:
Statement of responsibility, etc by George Arnsby Jones
Remainder of title the mission of Kirpal Singh /
260 ## - PUBLICATION, DISTRIBUTION, ETC. (IMPRINT)
Place of publication, distribution, etc Indore
Name of publisher, distributor, etc Kirpal Sewashram
Date of publication, distribution, etc 2007
270 ## - ADDRESS
City Indore
Postal code 452009
Address Piot 5-A, Scheme 71-C
300 ## - PHYSICAL DESCRIPTION
Extent 176p.
Dimensions 21cm (pbk)
700 ## - ADDED ENTRY--PERSONAL NAME
9 (RLIN) 14128
942 ## - ADDED ENTRY ELEMENTS (KOHA)
Source of classification or shelving scheme Dewey Decimal Classification
Item type English Books
Classification part 239.1
Call number suffix JON
Holdings
Withdrawn status Lost status Not for loan Collection code Home library Current library Date acquired Source of acquisition Cost, normal purchase price Full call number Barcode Copy number Cost, replacement price Koha item type
    Not For Loan Non-fiction D.B.Act.Division D.B.Act.Division 16/08/2010 DBAD/PUB 80.00 239.1 JON EN-84195 1 80.00 English Books

© Delhi Public Library
Hit Counter
free hit counter